| 000 | 00505nam a2200217Ia 4500 | ||
|---|---|---|---|
| 001 | 17338 | ||
| 003 | GE_BSU | ||
| 008 | 181216s||||||||xx |||||||||||||| ||und|| | ||
| 020 | _a9783929526936 | ||
| 040 | _cGE_BSU | ||
| 080 | _a811.112 | ||
| 100 | _aBuscha, Anne | ||
| 245 | _aBegegnungen. Deutsch als fremdsprache. B1+ | ||
| 245 | _bLehrerhandbuch | ||
| 260 | _aLeipzig | ||
| 260 | _c2008 | ||
| 300 | _a148p. | ||
| 541 | _h10 Gel. | ||
| 653 | _aBegegnungen. Deutsch als fremdsprache | ||
| 942 | _cBK | ||
| 999 |
_c50395 _d50395 |
||